| 000 | 00676nam a2200205 i 4500 | ||
|---|---|---|---|
| 001 | 143531 | ||
| 003 | ES-MaACL | ||
| 005 | 20230906200835.0 | ||
| 007 | t| | ||
| 008 | 070214s1914 it r ||||1| ita d | ||
| 100 | 1 |
_aSertorio, Luigi. _9105848 |
|
| 245 | 1 | 3 |
_aLa `culpa in concreto` nel diritto romano e nel diritto odierno / _cLuigi Sertorio. |
| 260 |
_aTorino : _bFratelli Bocca, _c1914 ( _fR. Simboli) |
||
| 300 |
_a297 p. ; _c25 x 16 cm. |
||
| 490 | 1 |
_aNuova collezione di áopere giurídiche ; _v181 |
|
| 650 | 0 | 4 |
_aCulpa jurídica. _911512 |
| 830 | 0 |
_aNuova collezione di áopere giurídiche ; _v181 _9220577 |
|
| 852 |
_aES-MaACL _jF-6989 |
||
| 999 |
_c143531 _d143531 |
||